000
00207nam a2200097Ia 4500
008
220204s9999 xx 000 0 und d
082
_a
82-7
_b
PAT
100
_a
S M
245
0
_a
Go easy on laughs
942
_c
BK
999
_c
35013
_d
35013